|
|
|
|
| LEADER |
00000nta a2200000 i 4500 |
| 001 |
dolg1684 |
| 005 |
20160107114212.0 |
| 008 |
150225s2014 hu om 000 eng d |
| 040 |
|
|
|a BGE Dolgozattár Repozitórium
|b hun
|
| 041 |
|
|
|a en
|
| 100 |
1 |
|
|a Rohr Bence
|
| 245 |
1 |
0 |
|a How to improve the central strategy execution of a leading banking group regarding Central and Eastern Europe.
|c Rohr Bence
|h [elektronikus dokumentum]
|
| 246 |
1 |
1 |
|a Hogyan fejlesszük a központi stratégia kivitelezését a közép és kelet európai régióban egy vezető bankcsoport esetében
|
| 246 |
1 |
1 |
|a How to improve the central strategy execution of a leading banking group regarding Central and Eastern Europe.
|
| 260 |
|
|
|c 2014-11-07
|
| 695 |
|
|
|a Stratégia menedzsment
|
| 695 |
|
|
|a Bankmarketing
|
| 700 |
1 |
|
|a Vallyon Dr. Andrea
|e ths
|
| 856 |
4 |
0 |
|u http://dolgozattar.uni-bge.hu/1684/1/ASIS_1415_Y4S1_Graduation%20Thesis_Bence%20Rohr_FINAL.docx
|z Dokumentum-elérés
|
| 856 |
4 |
0 |
|u http://dolgozattar.uni-bge.hu/1684/2/image19.emf
|z Dokumentum-elérés
|
| 856 |
4 |
0 |
|u http://dolgozattar.uni-bge.hu/1684/3/image25.png
|z Dokumentum-elérés
|
| 856 |
4 |
0 |
|u http://dolgozattar.uni-bge.hu/1684/4/image24.png
|z Dokumentum-elérés
|
| 856 |
4 |
0 |
|u http://dolgozattar.uni-bge.hu/1684/5/image23.png
|z Dokumentum-elérés
|
| 856 |
4 |
0 |
|u http://dolgozattar.uni-bge.hu/1684/6/image22.png
|z Dokumentum-elérés
|
| 856 |
4 |
0 |
|u http://dolgozattar.uni-bge.hu/1684/7/image21.png
|z Dokumentum-elérés
|
| 856 |
4 |
0 |
|u http://dolgozattar.uni-bge.hu/1684/8/image26.png
|z Dokumentum-elérés
|
| 856 |
4 |
0 |
|u http://dolgozattar.uni-bge.hu/1684/9/image20.png
|z Dokumentum-elérés
|
| 856 |
4 |
0 |
|u http://dolgozattar.uni-bge.hu/1684/10/image29.png
|z Dokumentum-elérés
|
| 856 |
4 |
0 |
|u http://dolgozattar.uni-bge.hu/1684/11/image28.png
|z Dokumentum-elérés
|
| 856 |
4 |
0 |
|u http://dolgozattar.uni-bge.hu/1684/12/image36.png
|z Dokumentum-elérés
|
| 856 |
4 |
0 |
|u http://dolgozattar.uni-bge.hu/1684/13/image35.png
|z Dokumentum-elérés
|
| 856 |
4 |
0 |
|u http://dolgozattar.uni-bge.hu/1684/14/image34.png
|z Dokumentum-elérés
|
| 856 |
4 |
0 |
|u http://dolgozattar.uni-bge.hu/1684/15/image33.png
|z Dokumentum-elérés
|
| 856 |
4 |
0 |
|u http://dolgozattar.uni-bge.hu/1684/16/image32.png
|z Dokumentum-elérés
|
| 856 |
4 |
0 |
|u http://dolgozattar.uni-bge.hu/1684/17/image31.png
|z Dokumentum-elérés
|
| 856 |
4 |
0 |
|u http://dolgozattar.uni-bge.hu/1684/18/image30.png
|z Dokumentum-elérés
|
| 856 |
4 |
0 |
|u http://dolgozattar.uni-bge.hu/1684/19/image18.emf
|z Dokumentum-elérés
|
| 856 |
4 |
0 |
|u http://dolgozattar.uni-bge.hu/1684/20/image27.png
|z Dokumentum-elérés
|
| 856 |
4 |
0 |
|u http://dolgozattar.uni-bge.hu/1684/21/image16.emf
|z Dokumentum-elérés
|
| 856 |
4 |
0 |
|u http://dolgozattar.uni-bge.hu/1684/22/image15.gif
|z Dokumentum-elérés
|
| 856 |
4 |
0 |
|u http://dolgozattar.uni-bge.hu/1684/23/image5.jpeg
|z Dokumentum-elérés
|
| 856 |
4 |
0 |
|u http://dolgozattar.uni-bge.hu/1684/24/image4.jpeg
|z Dokumentum-elérés
|
| 856 |
4 |
0 |
|u http://dolgozattar.uni-bge.hu/1684/25/image3.jpeg
|z Dokumentum-elérés
|
| 856 |
4 |
0 |
|u http://dolgozattar.uni-bge.hu/1684/26/image2.jpeg
|z Dokumentum-elérés
|
| 856 |
4 |
0 |
|u http://dolgozattar.uni-bge.hu/1684/27/image1.jpeg
|z Dokumentum-elérés
|
| 856 |
4 |
0 |
|u http://dolgozattar.uni-bge.hu/1684/28/image17.emf
|z Dokumentum-elérés
|
| 856 |
4 |
0 |
|u http://dolgozattar.uni-bge.hu/1684/29/image6.jpeg
|z Dokumentum-elérés
|
| 856 |
4 |
0 |
|u http://dolgozattar.uni-bge.hu/1684/30/image8.jpeg
|z Dokumentum-elérés
|
| 856 |
4 |
0 |
|u http://dolgozattar.uni-bge.hu/1684/31/image14.jpg
|z Dokumentum-elérés
|
| 856 |
4 |
0 |
|u http://dolgozattar.uni-bge.hu/1684/32/image7.jpeg
|z Dokumentum-elérés
|
| 856 |
4 |
0 |
|u http://dolgozattar.uni-bge.hu/1684/33/image12.jpeg
|z Dokumentum-elérés
|
| 856 |
4 |
0 |
|u http://dolgozattar.uni-bge.hu/1684/34/image13.emf
|z Dokumentum-elérés
|
| 856 |
4 |
0 |
|u http://dolgozattar.uni-bge.hu/1684/35/image10.jpeg
|z Dokumentum-elérés
|
| 856 |
4 |
0 |
|u http://dolgozattar.uni-bge.hu/1684/36/image9.jpeg
|z Dokumentum-elérés
|
| 856 |
4 |
0 |
|u http://dolgozattar.uni-bge.hu/1684/37/image11.jpeg
|z Dokumentum-elérés
|
| 856 |
4 |
0 |
|u http://dolgozattar.uni-bge.hu/1684/38/image13.jpeg
|z Dokumentum-elérés
|
| 856 |
4 |
0 |
|u http://dolgozattar.uni-bge.hu/1684/39/ASIS_1415_Y4S1_Graduation%20Thesis_Bence%20Rohr_FINAL.pdf
|z Dokumentum-elérés
|